Countries Per Capita #1 - Statistics

General Stats
  • This quiz has been taken 11 times
  • The average score is 27 of 40
Answer Stats
Position Answer % Correct
3 Singapore
100%
2 Singapore
100%
3 Singapore
100%
2 Singapore
100%
3 Iceland
90%
1 Monaco
90%
1 Monaco
90%
2 Monaco
90%
1 Finland
80%
1 Finland
80%
1 Luxembourg
80%
1 Mongolia
80%
1 North Korea
80%
4 San Marino
80%
3 San Marino
80%
5 Australia
70%
5 Ireland
70%
4 Israel
70%
3 Malta
70%
5 Malta
70%
4 New Zealand
70%
4 Norway
70%
5 Sweden
70%
5 Switzerland
70%
2 Bahamas
60%
4 Bahrain
60%
3 Cuba
60%
4 Guyana
60%
2 Namibia
60%
1 Qatar
60%
4 Qatar
60%
4 Cyprus
50%
2 St. Kitts And Nevis
50%
3 Suriname
50%
5 Brunei
40%
5 Greece
40%
5 Maldives
40%
3 Hungary
30%
2 Liechtenstein
30%
2 Eritrea
10%
No matching quizzes found
Score Distribution
Percent of People with Each Score
Percentile by Number Answered
Your Score History
You have not taken this quiz